| 000 | 00682cam a22002412 4500 | ||
|---|---|---|---|
| 001 | 28614 | ||
| 003 | BD-RjUL | ||
| 005 | 20211209051315.0 | ||
| 008 | 140331t1963 azu b 001 0 eng d | ||
| 035 | _a(BD-RjUL)28695 | ||
| 040 |
_aWSU _cWSU _dOCL _dEQO _dBD-RjUL _beng |
||
| 041 | _aeng | ||
| 082 | 0 | 4 |
_a998 _bOSN 1963 |
| 090 |
_aF914.N3 _bO7 |
||
| 100 | 1 |
_aOswalt, Wendell H. _987603 |
|
| 245 | 1 | 0 |
_aNapaskiak : _bAn Alaskan eskimo Community / |
| 260 |
_aTucson : _bUniversity of Arizona Press, _c1963. |
||
| 300 |
_a178 p. ; _c24 cm. |
||
| 504 | _aincludes Bibliographical reference and index. | ||
| 651 | 0 |
_aNapaskiak (Alaska) _987604 |
|
| 942 |
_2ddc _cBK |
||
| 999 |
_c28614 _d28614 |
||